| 000 -ლიდერი |
| ფიქსირებული სიგრძის საკონტროლო ველი |
00823nam a22001697a 4500 |
| 003 - საკონტროლო ნომრის იდენტიფიკატორი |
| საკონტროლო ველი |
Ge_BSU |
| 005 - ბოლო ოპერაციის თარიღი და დრო |
| საკონტროლო ველი |
20250930151640.0 |
| 008 - ფიქსირებული სიგრძის მონაცემთა ელემენტები - ზოგადი ინფორმაცია |
| ფიქსირებული სიგრძის საკონტროლო ველი |
250930s1973 ge ||||| |||| 00| 0 geo d |
| 041 ## - ენის კოდი |
| Language code of text/sound track or separate title |
geo |
| 080 ## - უნივერსალური ათობითი კლასიფიკაციის ინდექსი |
| Universal Decimal Classification number |
631.115.71(479.22) ც-73 |
| 100 ## - მთავარი ჩანაწერი - პიროვნების სახელი |
| Personal name |
ცისკარიშვილი, დიმიტრი |
| 9 (RLIN) |
25905 |
| 245 ## - ცნობა სათაურის შესახებ |
| Title |
საბჭოთამეურნეობრივი წარმოების სპეციალიზაციის საკითხები / |
| Statement of responsibility, etc |
დიმიტრი ცისკარიშვილი. |
| 264 ## - წარმოების, გამოცემის, დისტრიბუციის და სხვა ცნობები |
| გამოცემის, წარმოების, დისტრიბუციის... ადგილი |
თბილისი : |
| გამოცემის, წარმოების, დისტრიბუციის... სახელწოდება |
საბჭ. საქართველო, |
| გამოცემის, წარმოების, დისტრიბუციის... თარიღი |
1973. |
| 300 ## - ფიზიკური აღწერა |
| Extent |
200 გვ. ; |
| Other physical details |
20 სმ. |
| 653 ## - INDEX TERM--UNCONTROLLED |
| Uncontrolled term |
საბჭოთა მეურნეობები საქართველოში |
| 942 ## - ADDED ENTRY ELEMENTS (KOHA) |
| Source of classification or shelving scheme |
|
| Koha item type |
წიგნი |